| 000 | 01052cam a22002534a 4500 | ||
|---|---|---|---|
| 001 | 14682394 | ||
| 005 | 20180126082916.0 | ||
| 008 | 061228s2007 nyua b 000 0 eng | ||
| 010 | _a 2006053516 | ||
| 020 | _a9780060852559 | ||
| 020 | _a0060852550 | ||
| 040 |
_aDLC _cDLC _dDLC |
||
| 041 | _aeng | ||
| 043 | _an-usa-- | ||
| 080 | _a641.0973 BAR | ||
| 082 | 0 | 0 |
_a641.0973 BAR _222 |
| 100 | 1 | _a10 | |
| 101 | _aNUT | ||
| 245 | 1 | 0 |
_aAnimal, vegetable, miracle : _cBarbara Kingsolver, with Steven L. Hopp and Camille Kingsolver ; original drawings by Richard A. Houser. |
| 504 | _aIncludes bibliographical references (p. [355]-357). | ||
| 906 |
_a7 _bcbc _corignew _d1 _eocip _f20 _gy-gencatlg |
||
| 942 |
_2ddc _cBK |
||
| 999 |
_c41022 _d41022 |
||